000 01772nam a2200277Ii 4500
008 221202s xx 000 0 und d
245 0 _aDesigning Sustainability for All
246 _aThe Design of Sustainable Product-Service Systems Applied to Distributed Economies
264 _bSpringer Nature
_c2021
300 _a1 online resource (142 pages)
336 _atext
_btxt
_2rdacontent
337 _acomputer
_bc
_2rdamedia
338 _aonline resource
_bcr
_2rdacarrier
490 _aLecture Notes in Mechanical Engineering
520 _aThis open access book introduces design for Sustainable Product-Service Systems (S.PSS) and for Sustainable Distributed Economies (S.DE). These are introduced as technical and operative tools for the development of a new generation of designers, responsible and capable of designing environmentally, socially and economically sustainable solutions, accessible to all. The book provides a comprehensive framework and also practical tools to support the system design for sustainability process. It overviews methodologies, tools and strategies for Sustainable PSS design applied to Distributed Economies (DE) and provides strategies and design guidelines. All of these are highlighted and expanded upon with international case studies.
653 _aDevelopment And Sustainability
653 _aEngineering Design
653 _aIndustrial And Production Engineering
653 _aManagement
653 _aSustainability Management
700 1 _aGarcia Parra, Brenda
700 1 _aKohtala, Cindy
700 1 _aVezzoli, Carlo
856 _uhttps://docs.google.com/spreadsheets/d/1yKIrdCPDAG_9c22mwoOIO2DOhtj65Wqa/edit?usp=sharing&ouid=106555315294820607512&rtpof=true&sd=true
_yList of Curated E-Books
942 _cE-BOOK
999 _c92815
_d92812